Prostranstvennyje otobraženija s ograničennym iskaženijem

Guardado en:
Detalles Bibliográficos
Formato: Libro
Lenguaje:ruso
Publicado: Novosibirsk Nauka 1982
Etiquetas: Agregar Etiqueta
Sin Etiquetas, Sea el primero en etiquetar este registro!

MARC

LEADER 00000nam a2200000 4500
001 c131513
005 20250722095403.5
041 0 |a rus 
044 |a RU 
245 1 0 |a Prostranstvennyje otobraženija s ograničennym iskaženijem  |c Jurij Grigor'jevič Rešetnjak 
264 1 |a Novosibirsk  |b Nauka  |c 1982 
300 |a 281 s.